00463 a2200145 4500001001000000005001700010008004100027245006700068100002400135700002200159700002100181700002000202700002300222773007200245ART_4400420260410161606.0260409a 10aPatrimonio neto: una revisión del concepto y sus componentes1 aQuadro, Martín E.1 aWerbin, Eliana M.1 aPriotto, Hugo C.1 aBertoldi, Norma1 aVeteri, Liliana J.0 tProfesional & Empresariag- Año XVIII, Nº 214 (jul. 2017)wREV70